NHL Players by Picture - Statistics

General Stats
  • This quiz has been taken 1,471 times
  • The average score is 13 of 16
Answer Stats
Picture Answer % Correct
Sidney Crosby
99%
Alexander Ovechkin
98%
Connor McDavid
96%
Wayne Gretzky
95%
Patrick Kane
92%
Mario Lemieux
86%
Evgeni Malkin
85%
Zdeno Chara
85%
Gordie Howe
84%
Steven Stamkos
84%
Jaromir Jagr
81%
Henrik Lundqvist
80%
Martin Brodeur
77%
Patrick Roy
77%
Bobby Orr
72%
Maurice Richard
57%
No matching quizzes found
Score Distribution
Percent of People with Each Score
Percentile by Number Answered
Your Score History
You have not taken this quiz